000 01302nam0a22002771 4500
001 rc\4440622
005 20250612083730.0
021 _aRU
_b[62-69415]
035 _a(NLR Aleph) 008581391
090 _a8587355
_c8587355
100 _a20130416d1962 |||y0rusy50 ca
101 0 _arus
102 _aRU
105 _ay b |||||
200 1 _aОтвет фальсификаторам истории Советской Средней Азии и Казахстана
210 _aТашкент
_cГосиздат УзССР
_d1962
215 _a198 с.
_d21
320 _aСписок некоторых монографий и брошюр советских авторов, освещающих историю республик Сред. Азии и Казахстана: с. 192-197
607 _aКазахская ССР
_xИстория
_xИсториография буржуазная
_2psbo
607 _aСреднеазиатские республики
_xИстория
_xИсториография буржуазная
_2psbo
700 1 _7ca
_8rus
_aИноятов
_bХ.Ш.
_cд-р ист. наук
_f1912-1987
_gХамид Шарапович
_9194236
_3RU\NLR\AUTH\770194287
801 0 _aRU
_bNLR
_gpsbo
801 1 _aRU
_bELAR
_2rusmarc
852 _aNLR
_j62-3/5020
942 _cBOOK
980 _aNB